000 00834aam a2200313 i 4500
001 768714001
003 CO-MdFUSB
005 20250521090033.0
007 ta
008 250520b |||||||| |||| 00| 0 eng d
020 _a0-310-36171-0
040 _cCO-MdFUSB
041 0 _aeng
082 0 4 _223
_a248.4
_bD853g
100 1 _aDuewel, Wesley L.
_eautor
245 1 0 _aLet God guide you daily
_c/ Wesley L. Duewel
264 1 _bFrancis Asbury Press,
_aGrand Rapids, MI.,
_c[1988]
264 4 _c©1988
300 _a224 páginas
336 _atexto
_btxt
_2rdacontent
337 _2rdamedia
_asin mediación
_bn
338 _2rdacarrier
_avolumen
_bnc
563 _aRústico
650 1 0 _aVida cristiana
_919
650 1 7 _aProvidencia divina
_9361
942 _cBK
945 _aElías Tolentino
999 _c35779
_d35779